000 00491nam a2200193Ia 4500
008 151121s9999||||xx |||||||||||||| ||und||
082 _a928/Sen
082 _bHNW-43787
100 _aSengupta S।C।
245 _aBankimchandra Chatterjee
260 _b"Sahitya Akademi, Delhi।"
260 _c--
300 _a58
600 _aSengupta S।C।
630 _aBankimchandra Chatterjee
700 _aSengupta S।C।
730 _aBankimchandra Chatterjee
942 _cBOOK
999 _c1231753
_d1231750